Estoria del arca abierta : (Registro nro. 25493)

Detalles MARC
000 -LEADER
campo de control de longitud fija 00612nam a2200157 i 4500
001 - NÚMERO DE CONTROL
campo de control 25493
003 - IDENTIFICADOR DE NÚMERO DE CONTROL
campo de control ES-MaACL
005 - FECHA Y HORA DE LA ÚLTIMA TRANSACCIÓN
campo de control 20230906153259.0
007 - CAMPO FIJO DE DESCRIPCIÓN FÍSICA--INFORMACIÓN GENERAL
campo de control de longitud fija t|
008 - DATOS DE LONGITUD FIJA--INFORMACIÓN GENERAL
campo de control de longitud fija 021226s1948 ck ||||1| gao d
100 1# - ENTRADA PRINCIPAL--NOMBRE DE PERSONA
Nombre de persona Arce y Valladares, Manuel José.
9 (RLIN) 22469
245 10 - MENCIÓN DEL TÍTULO
Título Estoria del arca abierta :
Resto del título en la cual se trata de cómo y por qué las mujeres casadas son dignas de non las dexar en descuidada soledat & ocio /
Mención de responsabilidad, etc. sácala a luz pública D. Manuel Joseph de Arçe & Valladares.
260 ## - PUBLICACIÓN, DISTRIBUCIÓN, ETC.
Lugar de publicación, distribución, etc. [San Salvador :
Nombre del editor, distribuidor, etc. s.n.,
Fecha de publicación, distribución, etc. 1948] (
Fabricante Imp. La Tribuna)
300 ## - DESCRIPCIÓN FÍSICA
Extensión 36 p. ;
Dimensiones 17 cm.
852 4# - LOCALIZACIÓN
Ubicación ES-MaACL
Número de control de estantería 2017-F-3
Existencias
Estatus retirado Estado de pérdida Estado de daño No para préstamo Colección Biblioteca de origen Biblioteca actual Ubicación en estantería Fecha de adquisición Fuente de adquisición Total de préstamos Signatura topográfica completa Código de barras Visto por última vez Precio de reemplazo Tipo de ítem Koha
        Colección de folletos Biblioteca del Ateneo de Madrid Biblioteca del Ateneo de Madrid Depósito folletos 17/01/2008     2017-F-3 1026286 23/02/2023 23/02/2023 Folleto